000 01502nam a22002657a 4500
999 _c57255
_d57255
003 Ge_BSU
005 20200129103358.0
008 200129s2018 ||||| |||| 00| 0 geo d
020 _a9789941802621
041 _ageo
080 _a811.353.1'38 ც-51
100 _aცეცხლაძე, ნანა
_94739
245 _aფრაზეოლოგიზმთა კვლევის ასპექტები :
_bმონოგრაფია /
_c ნანა ცეცხლაძე ; რედ : მამია ფაღავა ; ხათუნა ბერიძე .
264 _aთბილისი :
_bივერიონი,
_c2018.
300 _a278 გვ. ;
_c 20 სმ.
500 _aშემოკლებათა განმარტებანი : გვ. 250-254
504 _aბიბლიოგრ.: გვ. 255-274
546 _aრეზ. ინგლ. ენაზე
653 _aსემანტიკა გრამატიკა ლინგვოკულტუროლოგია
653 _aქართული ენა
700 _aფაღავა, მამია
_eრედაქტორი
_96469
700 _aბერიძე, ხათუნა
_eრედაქტორი
_92372
710 _eშოთა რუსთაველის სახელმწ. უნ-ტი ქართული ფილოლოგიის დეპარტამენტი
_96470
942 _2udc
_cBK